LEADER 01089nam--2200349---450- 001 990006136620203316 005 20160404093520.0 010 $a978-88-7521-585-9 035 $a000613662 035 $aUSA01000613662 035 $a(ALEPH)000613662USA01 035 $a000613662 100 $a20160404d2014----km-y0itay50------ba 101 1 $aita$ceng 102 $aIT 105 $ay|||||||001yy 200 1 $a<>egoismo è inutile$eelogio della gentilezza$fGeorge Saunders$ga cura di Christian Raimo$gtraduzione di Cristiana Mennella 210 $aRoma$cMinumum fax$d2014 215 $a73 p.$d15 cm 454 0$12001$aCongratulations, by the way$91385790 676 $a818.5402 700 1$aSAUNDERS,$bGeorge$f<1958- >$0552645 702 1$aRAIMO,$bChristian 702 1$aMENNELLA,$bCristiana 801 0$aIT$bsalbc$gISBD 912 $a990006136620203316 951 $aXIV Misc..7-8. 18$b249766 L.M.$cXIV Misc..$d387605 959 $aBK 969 $aUMA 979 $aANNAMARIA$b90$c20160404$lUSA01$h0935 996 $aCongratulations, by the way$91385790 997 $aUNISA LEADER 01743nam 2200469 450 001 9910158620303321 005 20181107010924.0 010 $a1-5026-2286-6 035 $a(CKB)3710000001010207 035 $a(MiAaPQ)EBC5404710 035 $a(EXLCZ)993710000001010207 100 $a20180619d2017 uy 0 101 0 $aeng 135 $aurcnu|||||||| 181 $ctxt$2rdacontent 182 $cc$2rdamedia 183 $acr$2rdacarrier 200 14$aThe composition of the universe $ethe evolution of stars and galaxies /$fRachel Keranen 210 1$aNew York :$cCavendish Square Publishing,$d[2017] 215 $a1 online resource (79 pages) 225 1 $aSpace systems 311 $a1-5026-2285-8 320 $aIncludes bibliographical references and index. 327 $aIntroduction : a beautiful universe -- Early predictions -- The modern understanding of the evolution of stars and galaxies -- Scientists, mathematicians, and engineers -- Visualizing the evolution of stars and galaxies -- The evolution of stars and galaxies today and tomorrow -- Glossary. 410 0$aSpace systems (Cavendish Square Publishing LLC) 606 $aStars$xEvolution$vJuvenile literature 606 $aGalaxies$xEvolution$vJuvenile literature 606 $aAstronomy$xHistory$vJuvenile literature 606 $aCosmology$vJuvenile literature 615 0$aStars$xEvolution 615 0$aGalaxies$xEvolution 615 0$aAstronomy$xHistory 615 0$aCosmology 676 $a523.112 700 $aKeranen$b Rachel$01244601 801 0$bMiAaPQ 801 1$bMiAaPQ 801 2$bMiAaPQ 906 $aBOOK 912 $a9910158620303321 996 $aThe composition of the universe$92887051 997 $aUNINA